[Event "Heusenstamm Sparkassen op-A 7th"]
[Site "Heusenstamm"]
[Date "2021.11.21"]
[Round "7.43"]
[White "Homberger, Jan"]
[Black "Calvi, Stefan"]
[Result "1/2-1/2"]
[WhiteElo "1825"]
[BlackElo "2053"]
[PlyCount "79"]
[EventDate "2021.11.18"]
[EventType "swiss"]
[EventRounds "7"]
[EventCountry "GER"]
[SourceTitle "EXT 2023"]
[Source "ChessBase"]
[SourceDate "2022.10.05"]
[SourceVersion "1"]
[SourceVersionDate "2022.10.05"]
[SourceQuality "1"]

1. e4 c5 2. Nc3 Nc6 3. f4 g6 4. Nf3 Bg7 5. Bb5 Nd4 6. 0-0 e6 7. e5 a6 8. Be2 f5 9. Nxd4 cxd4 10. Na4 d6 11. exd6 Qxd6 12. c4 b6 13. d3 Bd7 14. Bd2 Nf6 15. Bf3 Rb8 16. a3 Qc7 17. Rc1 0-0 18. b4 Bc6 19. c5 b5 20. Nb6 Rbd8 21. Be1 Rfe8 22. Bh4 Rb8 23. Bxc6 Qxc6 24. Qf3 Qxf3 25. Rxf3 Kf7 26. Bxf6 Bxf6 27. Nd7 Rbc8 28. Re1 Re7 29. Nxf6 Kxf6 30. Rf2 e5 31. Rfe2 Rce8 32. Rxe5 Rxe5 33. Rxe5 Rxe5 34. fxe5+ Kxe5 35. Kf2 g5 36. h3 Kd5 37. Kf3 Ke5 38. h4 h6 39. h5 Kd5 40. Kg3 1/2-1/2

[Event "Heusenstamm Sparkassen op-A 7th"]
[Site "Heusenstamm"]
[Date "2021.11.21"]
[Round "6.51"]
[White "Syed, Tareq"]
[Black "Homberger, Jan"]
[Result "0-1"]
[WhiteElo "1974"]
[BlackElo "1825"]
[PlyCount "80"]
[EventDate "2021.11.18"]
[EventType "swiss"]
[EventRounds "7"]
[EventCountry "GER"]
[SourceTitle "EXT 2023"]
[Source "ChessBase"]
[SourceDate "2022.10.05"]
[SourceVersion "1"]
[SourceVersionDate "2022.10.05"]
[SourceQuality "1"]

1. d3 g6 2. g3 Bg7 3. Bg2 d6 4. c4 e5 5. Nc3 Nf6 6. Rb1 0-0 7. b4 Nc6 8. b5 Ne7 9. Qb3 Kh8 10. a4 Nd7 11. Ba3 f5 12. a5 Rb8 13. Nf3 f4 14. Nd2 Nf5 15. Nde4 Nf6 16. Nxf6 Nd4 17. Qd1 Qxf6 18. Ne4 Qf5 19. 0-0 Qh5 20. Bf3 Nxf3+ 21. exf3 Bh3 22. g4 Qh4 23. b6 axb6 24. axb6 Ra8 25. Bb4 c5 26. Bc3 Rad8 27. Qb3 h5 28. g5 Rf5 29. Kh1 Bxf1 30. Rxf1 Bf8 31. Ra1 Be7 32. Qb2 Bxg5 33. Ra7 Qh3 34. Qe2 Rd7 35. Nxd6 Rxd6 36. Bxe5+ Rdf6 37. Bxf6+ Bxf6 38. Qe8+ Kh7 39. Rxb7+ Kh6 40. Qe2 Rg5 0-1

[Event "Main Vogelsberg op 15th"]
[Site "Waechtersbach"]
[Date "2021.10.03"]
[Round "5.8"]
[White "Homberger, Jan"]
[Black "Leidorf, Sebastian"]
[Result "1/2-1/2"]
[WhiteElo "1793"]
[BlackElo "2093"]
[PlyCount "31"]
[EventDate "2021.10.01"]
[EventType "swiss"]
[EventRounds "5"]
[EventCountry "GER"]
[SourceTitle "EXT 2023"]
[Source "ChessBase"]
[SourceDate "2022.10.05"]
[SourceVersion "1"]
[SourceVersionDate "2022.10.05"]
[SourceQuality "1"]

1. e4 e6 2. d4 d5 3. Nc3 Nf6 4. e5 Nfd7 5. Nce2 c5 6. c3 Nc6 7. f4 Qb6 8. Nf3 f6 9. a3 cxd4 10. cxd4 Be7 11. Nc3 0-0 12. Bd3 Kh8 13. Bc2 fxe5 14. fxe5 Rxf3 15. gxf3 Qxd4 16. f4 1/2-1/2

[Event "Main Vogelsberg op 15th"]
[Site "Waechtersbach"]
[Date "2021.10.02"]
[Round "3.6"]
[White "Chandler, Patrick"]
[Black "Homberger, Jan"]
[Result "1-0"]
[WhiteElo "2116"]
[BlackElo "1793"]
[PlyCount "105"]
[EventDate "2021.10.01"]
[EventType "swiss"]
[EventRounds "5"]
[EventCountry "GER"]
[SourceTitle "EXT 2023"]
[Source "ChessBase"]
[SourceDate "2022.10.05"]
[SourceVersion "1"]
[SourceVersionDate "2022.10.05"]
[SourceQuality "1"]

1. Nf3 f5 2. b4 Nf6 3. Bb2 e6 4. a3 Be7 5. e3 d6 6. d4 0-0 7. Nbd2 Qe8 8. Be2 c6 9. c4 Na6 10. Qc2 d5 11. c5 Nc7 12. Nb3 Ne4 13. g3 Bf6 14. Ne5 Bxe5 15. dxe5 b6 16. f3 Ng5 17. h4 Nf7 18. Rc1 Bd7 19. a4 Kh8 20. Bd4 Qe7 21. Qc3 b5 22. axb5 Nxb5 23. Bxb5 cxb5 24. c6 Bc8 25. Bc5 Qd8 26. Na5 Rg8 27. f4 Qe8 28. Qd3 Ba6 29. Ra1 Nh6 30. Nb3 Qxc6 31. Nd4 Qc8 32. 0-0 Ng4 33. Rfc1 Bb7 34. Bd6 Qe8 35. Rc7 Bc8 36. Raxa7 Rxa7 37. Rxa7 Bd7 38. Qe2 h6 39. Qf3 g5 40. hxg5 hxg5 41. Bc5 Rg7 42. Ne2 Rh7 43. fxg5 Rh2 44. Nf4 Rf2 45. Qxf2 Nxf2 46. Kxf2 Kg8 47. g6 Bc6 48. Bd4 Qc8 49. Nh5 Bb7 50. Kf3 Qc4 51. Kf4 Qxb4 52. Rxb7 Qf8 53. Nf6+ 1-0

[Event "Main Vogelsberg op 15th"]
[Site "Waechtersbach"]
[Date "2021.10.01"]
[Round "1.21"]
[White "Lemke, Wolfgang"]
[Black "Homberger, Jan"]
[Result "0-1"]
[WhiteElo "1403"]
[BlackElo "1793"]
[PlyCount "70"]
[EventDate "2021.10.01"]
[EventType "swiss"]
[EventRounds "5"]
[EventCountry "GER"]
[SourceTitle "EXT 2023"]
[Source "ChessBase"]
[SourceDate "2022.10.05"]
[SourceVersion "1"]
[SourceVersionDate "2022.10.05"]
[SourceQuality "1"]

1. c4 Nf6 2. g3 g6 3. Bg2 Bg7 4. Nf3 0-0 5. 0-0 d6 6. Nc3 c6 7. d3 Nbd7 8. Rb1 Rb8 9. b4 Nh5 10. Bb2 b5 11. cxb5 cxb5 12. Ne4 h6 13. Bxg7 Nxg7 14. Rc1 f5 15. Qb3+ Kh8 16. Nc3 e5 17. Nd2 Nf6 18. f4 Qb6+ 19. Kh1 Ng4 20. Nd1 Ne6 21. Rc6 Qd8 22. Qb2 Nd4 23. fxe5 Nxc6 24. Bxc6 Nxe5 25. Nf3 Qc7 26. Bd5 Bb7 27. Bxb7 Qxb7 28. Kg1 Rfe8 29. Nh4 Kh7 30. Nf2 Qb6 31. Ng2 Re7 32. Nf4 Qb7 33. Qb3 Nd7 34. d4 Nf6 35. d5 Rbe8 0-1